OP AMPS & Linear Integrated Circuits (Record no. 20858)

MARC details
000 -LEADER
fixed length control field 00334nam a22001337a 4500
008 - FIXED-LENGTH DATA ELEMENTS--GENERAL INFORMATION
fixed length control field 240920b |||||||| |||| 00| 0 eng d
020 ## - INTERNATIONAL STANDARD BOOK NUMBER
ISBN 81-203-20-58-1
100 ## - MAIN ENTRY--AUTHOR NAME
Personal name R A Gayakwad
245 ## - TITLE STATEMENT
Title OP AMPS & Linear Integrated Circuits
260 ## - PUBLICATION, DISTRIBUTION, ETC. (IMPRINT)
Place of publication New Delhi
Name of publisher Prentice Hall
Year of publication 2003
300 ## - PHYSICAL DESCRIPTION
Number of Pages 542
650 ## - SUBJECT ADDED ENTRY--TOPICAL TERM
Topical Term BB-EE
942 ## - ADDED ENTRY ELEMENTS (KOHA)
Source of classification or shelving scheme Dewey Decimal Classification
Koha item type Books

No items available.